[Event "Deutsche Ländermeisterschaft 2021"]
[Site "Neumünster GER"]
[Date "2021.10.06"]
[Round "7"]
[White "Fromm, Marius"]
[Black "Muckle, Julius"]
[Result "1-0"]
[Termination "normal"]
[Board "7.1"]
[WhiteTitle "FM"]
[BlackTitle "FM"]
[WhiteElo "2342"]
[BlackElo "2414"]
[WhiteClock "00:52:38"]
[BlackClock "00:00:35"]
[WhiteTeam "Mecklenburg-Vorpommern"]
[BlackTeam "Rheinland-Pfalz"]
[PlyCount "57"]
[WhiteFideId "12993190"]
[BlackFideId "12942430"]
[EventCountry "GER"]
[EventRounds "7"]
[EventType "team-swiss"]
[EventDate "2021.10.01"]

1. Nf3 {[%clk 1:30:56]} d5 {[%clk 1:30:56]} 2. c4 {[%clk 1:31:19]} c6 {[%clk
1:31:07]} 3. g3 {[%clk 1:31:43]} Nf6 {[%clk 1:31:30]} 4. Bg2 {[%clk 1:32:05]}
dxc4 {[%clk 1:24:19]} 5. O-O {[%clk 1:32:28]} Nbd7 {[%clk 1:24:01]} 6. Na3
{[%clk 1:32:45]} Nb6 {[%clk 1:24:17]} 7. Qc2 {[%clk 1:33:03]} Be6 {[%clk
1:24:29]} 8. Ng5 {[%clk 1:32:54]} Bg4 {[%clk 1:23:00]} 9. Nxc4 {[%clk 1:33:05]}
Bxe2 {[%clk 1:23:25]} 10. Ne5 {[%clk 1:33:32]} Bh5 {[%clk 1:23:43]} 11. Re1
{[%clk 1:33:53]} h6 {[%clk 1:20:23]} 12. Ne4 {[%clk 1:34:10]} e6 {[%clk
0:35:53]} 13. Nxf6+ {[%clk 1:34:26]} gxf6 {[%clk 0:36:16]} 14. Nxc6 {[%clk
1:34:49]} bxc6 {[%clk 0:33:50]} 15. Bxc6+ {[%clk 1:35:10]} Nd7 {[%clk 0:34:13]}
16. Qf5 {[%clk 1:35:00]} Bg6 {[%clk 0:20:29]} 17. Rxe6+ {[%clk 1:35:26]} Be7
{[%clk 0:13:32]} 18. Qxf6 {[%clk 1:35:46]} fxe6 {[%clk 0:14:00]} 19. Qxg6+ Kf8
20. d4 {[%clk 1:17:47]} Bf6 {[%clk 0:14:47]} 21. Bxd7 {[%clk 1:12:07]} Ke7
{[%clk 0:15:10]} 22. Ba4 {[%clk 1:06:09]} Bxd4 {[%clk 0:06:17]} 23. Bf4 {[%clk
1:02:49]} Qb6 {[%clk 0:04:02]} 24. Rc1 {[%clk 0:57:59]} Rag8 {[%clk 0:01:23]}
25. Qd3 {[%clk 0:53:47]} Rd8 {[%clk 0:00:36]} 26. Qa3+ {[%clk 0:53:04]} Kf6
{[%clk 0:01:04]} 27. Qf3 {[%clk 0:52:48]} Qa5 {[%clk 0:00:34]} 28. Be5+ {[%clk
0:52:14]} Kxe5 {[%clk 0:00:35]} 29. Qf4+ {[%clk 0:52:38]} 1-0

[Event "Deutsche Ländermeisterschaft 2021"]
[Site "Neumünster GER"]
[Date "2021.10.06"]
[Round "7"]
[White "Musiolik, David"]
[Black "Großmann, Piet"]
[Result "1-0"]
[Termination "normal"]
[Board "7.2"]
[WhiteElo "2200"]
[BlackElo "1953"]
[WhiteClock "00:00:43"]
[BlackClock "00:30:30"]
[WhiteTeam "Rheinland-Pfalz"]
[BlackTeam "Mecklenburg-Vorpommern"]
[PlyCount "74"]
[WhiteFideId "12972355"]
[BlackFideId "16234359"]
[EventCountry "GER"]
[EventRounds "7"]
[EventType "team-swiss"]
[EventDate "2021.10.01"]

1. e4 {[%clk 1:30:40]} e6 {[%clk 1:30:48]} 2. d4 {[%clk 1:31:03]} d5 {[%clk
1:31:12]} 3. e5 {[%clk 1:31:21]} c5 {[%clk 1:31:38]} 4. c3 {[%clk 1:31:47]} Nc6
{[%clk 1:32:02]} 5. Nf3 {[%clk 1:32:05]} Qb6 {[%clk 1:32:17]} 6. a3 {[%clk
1:32:23]} c4 {[%clk 1:32:41]} 7. Nbd2 {[%clk 1:32:31]} f6 {[%clk 1:32:46]} 8.
b4 {[%clk 1:06:46]} cxb3 {[%clk 1:22:49]} 9. Nxb3 {[%clk 1:06:40]} fxe5 {[%clk
1:23:03]} 10. dxe5 {[%clk 1:06:08]} Bc5 {[%clk 1:22:03]} 11. Nxc5 {[%clk
0:58:23]} Qxc5 {[%clk 1:22:29]} 12. Qd2 {[%clk 0:57:38]} Nge7 {[%clk 1:20:17]}
13. a4 {[%clk 0:56:22]} Qa5 {[%clk 1:14:23]} 14. Bd3 {[%clk 0:54:38]} O-O
{[%clk 1:12:49]} 15. O-O {[%clk 0:47:45]} Rxf3 {[%clk 0:43:48]} 16. gxf3 {[%clk
0:48:05]} Nxe5 {[%clk 0:44:10]} 17. Be2 {[%clk 0:36:30]} N7g6 {[%clk 0:40:51]}
18. f4 {[%clk 0:29:24]} Nc4 {[%clk 0:37:40]} 19. Bxc4 {[%clk 0:29:18]} dxc4
{[%clk 0:38:05]} 20. Rd1 {[%clk 0:10:58]} Qh5 {[%clk 0:29:25]} 21. Qd8+ {[%clk
0:08:40]} Kf7 {[%clk 0:29:47]} 22. Qc7+ {[%clk 0:08:34]} Kf6 {[%clk 0:29:39]}
23. Qd8+ {[%clk 0:08:54]} Kf7 {[%clk 0:30:00]} 24. Qc7+ {[%clk 0:08:32]} Kf6
{[%clk 0:30:25]} 25. Be3 {[%clk 0:07:33]} Qg4+ {[%clk 0:14:03]} 26. Kf1 {[%clk
0:07:55]} Qh3+ {[%clk 0:03:20]} 27. Ke2 {[%clk 0:08:04]} e5 {[%clk 0:01:49]}
28. fxe5+ {[%clk 0:03:59]} Nxe5 {[%clk 0:02:02]} 29. Qd8+ {[%clk 0:01:58]} Kf7
{[%clk 0:01:22]} 30. Qd5+ {[%clk 0:02:18]} Qe6 {[%clk 0:00:45]} 31. Rd4 {[%clk
0:01:11]} Qxd5 {[%clk 0:00:40]} 32. Rxd5 {[%clk 0:01:40]} Bg4+ {[%clk 0:00:35]}
33. Kd2 {[%clk 0:01:12]} Nd3 {[%clk 0:00:45]} 34. Rb1 {[%clk 0:00:49]} b6
{[%clk 0:00:35]} 35. a5 {[%clk 0:00:53]} Ke6 {[%clk 0:00:34]} 36. Rg5 {[%clk
0:00:35]} Bf3 {[%clk 0:00:34]} 37. Rxg7 {[%clk 0:00:43]} bxa5 {[%clk 0:30:30]}
1-0

[Event "Deutsche Ländermeisterschaft 2021"]
[Site "Neumünster GER"]
[Date "2021.10.06"]
[Round "7"]
[White "Tovmasyan, Minas"]
[Black "Hinrichs, Paul"]
[Result "0-1"]
[Termination "normal"]
[Board "7.3"]
[WhiteElo "1820"]
[BlackElo "2244"]
[WhiteClock "00:07:51"]
[BlackClock "00:29:37"]
[WhiteTeam "Mecklenburg-Vorpommern"]
[BlackTeam "Rheinland-Pfalz"]
[PlyCount "116"]
[WhiteFideId "16247620"]
[BlackFideId "12942545"]
[EventCountry "GER"]
[EventRounds "7"]
[EventType "team-swiss"]
[EventDate "2021.10.01"]

1. d4 {[%clk 1:30:55]} d5 {[%clk 1:30:53]} 2. c4 {[%clk 1:31:19]} c6 {[%clk
1:31:19]} 3. cxd5 {[%clk 1:31:43]} cxd5 {[%clk 1:31:45]} 4. Bf4 {[%clk
1:32:03]} Nf6 {[%clk 1:31:45]} 5. e3 {[%clk 1:32:28]} Nc6 {[%clk 1:31:43]} 6.
Nc3 {[%clk 1:32:51]} a6 {[%clk 1:31:08]} 7. Be2 {[%clk 1:33:13]} Bf5 {[%clk
1:27:56]} 8. g4 {[%clk 1:33:14]} Bc8 {[%clk 1:16:59]} 9. h3 {[%clk 1:18:48]} g6
{[%clk 1:00:00]} 10. Bf3 {[%clk 1:10:25]} e6 {[%clk 0:44:50]} 11. Nge2 {[%clk
1:07:52]} Bg7 {[%clk 0:44:14]} 12. Qc2 {[%clk 1:00:54]} Bd7 {[%clk 0:33:18]}
13. Nc1 {[%clk 0:58:20]} Rc8 {[%clk 0:29:05]} 14. Nd3 {[%clk 0:53:55]} Ne4
{[%clk 0:24:04]} 15. O-O {[%clk 0:23:39]} O-O {[%clk 0:17:26]} 16. Rac1 {[%clk
0:18:14]} Nxc3 {[%clk 0:16:10]} 17. bxc3 {[%clk 0:18:32]} Na5 {[%clk 0:15:55]}
18. Nc5 {[%clk 0:16:23]} Bc6 {[%clk 0:11:52]} 19. Rfe1 {[%clk 0:11:04]} Nc4
{[%clk 0:07:11]} 20. Bg3 {[%clk 0:07:46]} e5 {[%clk 0:05:44]} 21. Be2 {[%clk
0:07:29]} Re8 {[%clk 0:03:57]} 22. Qb3 {[%clk 0:06:37]} exd4 {[%clk 0:03:13]}
23. cxd4 {[%clk 0:05:47]} Nd2 {[%clk 0:02:49]} 24. Qb4 {[%clk 0:04:11]} Ne4
{[%clk 0:03:06]} 25. Nxe4 {[%clk 0:04:27]} Rxe4 {[%clk 0:03:34]} 26. Bf3 {[%clk
0:04:17]} Re8 {[%clk 0:04:00]} 27. Rc2 {[%clk 0:03:41]} Qf6 {[%clk 0:03:06]}
28. Bg2 {[%clk 0:03:44]} h5 {[%clk 0:03:25]} 29. gxh5 {[%clk 0:02:24]} gxh5
{[%clk 0:03:54]} 30. Qd6 {[%clk 0:02:53]} Re6 {[%clk 0:03:24]} 31. Qf4 {[%clk
0:03:02]} Qg6 {[%clk 0:03:53]} 32. Rec1 {[%clk 0:02:59]} Bh6 {[%clk 0:04:08]}
33. Qf3 {[%clk 0:02:32]} Rf8 {[%clk 0:04:35]} 34. Qe2 {[%clk 0:01:34]} Bxe3
{[%clk 0:03:43]} 35. fxe3 {[%clk 0:01:03]} Qxg3 {[%clk 0:04:10]} 36. Re1 {[%clk
0:00:32]} f5 {[%clk 0:03:24]} 37. Qf2 {[%clk 0:00:32]} h4 {[%clk 0:03:09]} 38.
Rce2 {[%clk 0:00:31]} Kg7 {[%clk 0:01:42]} 39. Kh1 {[%clk 0:00:35]} Qxf2 {[%clk
0:01:27]} 40. Rxf2 {[%clk 0:01:04]} f4 {[%clk 0:01:47]} 41. Ref1 {[%clk
0:21:14]} fxe3 {[%clk 0:25:51]} 42. Rxf8 {[%clk 0:20:35]} e2 {[%clk 0:26:16]}
43. R8f7+ {[%clk 0:19:26]} Kg6 {[%clk 0:26:31]} 44. Re1 {[%clk 0:18:54]} Kxf7
{[%clk 0:26:53]} 45. Bf3 {[%clk 0:19:00]} Ke7 {[%clk 0:26:34]} 46. Kg2 {[%clk
0:15:16]} Kd6 {[%clk 0:26:32]} 47. Rxe2 {[%clk 0:15:38]} Rxe2+ {[%clk 0:26:17]}
48. Bxe2 {[%clk 0:16:00]} Bd7 49. Bf1 {[%clk 0:12:14]} Ke6 {[%clk 0:26:47]} 50.
Kf3 {[%clk 0:12:20]} Kf5 {[%clk 0:27:13]} 51. Ke3 {[%clk 0:11:44]} b5 {[%clk
0:27:15]} 52. Bg2 {[%clk 0:10:25]} Bc6 {[%clk 0:27:17]} 53. Bf3 {[%clk
0:09:32]} b4 {[%clk 0:27:39]} 54. Bg4+ {[%clk 0:09:42]} Kg5 {[%clk 0:28:06]}
55. Bd1 {[%clk 0:07:45]} a5 {[%clk 0:28:26]} 56. Bg4 {[%clk 0:07:40]} a4 {[%clk
0:28:51]} 57. Be6 {[%clk 0:07:26]} b3 {[%clk 0:29:09]} 58. axb3 {[%clk
0:07:51]} a3 {[%clk 0:29:37]} 0-1

[Event "Deutsche Ländermeisterschaft 2021"]
[Site "Neumünster GER"]
[Date "2021.10.06"]
[Round "7"]
[White "Reitz, Theresa"]
[Black "Schott, Andy"]
[Result "1-0"]
[Termination "normal"]
[Board "7.4"]
[WhiteElo "1848"]
[BlackElo "1504"]
[WhiteClock "00:14:05"]
[BlackClock "00:00:32"]
[WhiteTeam "Rheinland-Pfalz"]
[BlackTeam "Mecklenburg-Vorpommern"]
[PlyCount "57"]
[WhiteFideId "12971901"]
[BlackFideId "16244940"]
[EventCountry "GER"]
[EventRounds "7"]
[EventType "team-swiss"]
[EventDate "2021.10.01"]

1. e4 {[%clk 1:30:56]} c5 {[%clk 1:30:55]} 2. Nc3 {[%clk 1:31:21]} d6 {[%clk
1:31:05]} 3. f4 {[%clk 1:31:36]} Nc6 {[%clk 1:31:29]} 4. Nf3 {[%clk 1:31:49]}
e6 {[%clk 1:30:22]} 5. Be2 {[%clk 1:29:07]} g6 {[%clk 1:29:41]} 6. d4 {[%clk
1:24:34]} cxd4 {[%clk 1:28:40]} 7. Nxd4 {[%clk 1:24:45]} Bg7 {[%clk 1:28:33]}
8. Ndb5 {[%clk 1:24:10]} Bf8 {[%clk 1:19:44]} 9. f5 {[%clk 1:14:56]} a6 {[%clk
1:10:03]} 10. fxe6 {[%clk 1:12:36]} Bxe6 {[%clk 1:08:27]} 11. Nd4 {[%clk
1:04:19]} Nxd4 {[%clk 0:57:55]} 12. Qxd4 {[%clk 1:04:26]} Qf6 {[%clk 0:55:53]}
13. Qb6 {[%clk 0:57:16]} Rc8 {[%clk 0:48:24]} 14. Bd2 {[%clk 0:48:47]} Qe7
{[%clk 0:45:42]} 15. O-O-O {[%clk 0:46:18]} Rc6 {[%clk 0:41:33]} 16. Qb4 {[%clk
0:42:24]} Nf6 {[%clk 0:16:55]} 17. Bf4 {[%clk 0:37:24]} d5 {[%clk 0:10:55]} 18.
Qd4 {[%clk 0:33:44]} dxe4 {[%clk 0:06:18]} 19. Be5 {[%clk 0:30:42]} Bg7 {[%clk
0:05:36]} 20. Rhf1 {[%clk 0:27:42]} Bf5 {[%clk 0:02:03]} 21. Nd5 {[%clk
0:26:00]} Nxd5 {[%clk 0:01:23]} 22. Bxg7 {[%clk 0:26:17]} Rg8 {[%clk 0:01:23]}
23. g4 {[%clk 0:17:40]} Qc5 24. Qxc5 {[%clk 0:16:11]} Rxc5 {[%clk 0:01:01]} 25.
Bd4 {[%clk 0:16:27]} Bxg4 {[%clk 0:00:34]} 26. Bxg4 {[%clk 0:16:26]} Ra5 {[%clk
0:00:32]} 27. c4 {[%clk 0:15:09]} Nb4 {[%clk 0:00:31]} 28. Bb6 {[%clk 0:13:44]}
Rxa2 {[%clk 0:00:32]} 29. Bd7+ {[%clk 0:14:05]} 1-0

[Event "Deutsche Ländermeisterschaft 2021"]
[Site "Neumünster GER"]
[Date "2021.10.06"]
[Round "7"]
[White "Herrmann, Jakob"]
[Black "Yue, Qizhou"]
[Result "1/2-1/2"]
[Termination "normal"]
[Board "7.5"]
[WhiteElo "1538"]
[BlackElo "1842"]
[WhiteClock "01:14:30"]
[BlackClock "00:08:17"]
[WhiteTeam "Mecklenburg-Vorpommern"]
[BlackTeam "Rheinland-Pfalz"]
[PlyCount "60"]
[WhiteFideId "16287169"]
[BlackFideId "16273800"]
[EventCountry "GER"]
[EventRounds "7"]
[EventType "team-swiss"]
[EventDate "2021.10.01"]

1. e4 {[%clk 1:30:55]} c5 {[%clk 1:30:55]} 2. Nf3 {[%clk 1:31:21]} e6 {[%clk
1:31:17]} 3. d4 {[%clk 1:31:46]} cxd4 {[%clk 1:31:43]} 4. Nxd4 {[%clk 1:32:15]}
a6 {[%clk 1:32:01]} 5. Nc3 {[%clk 1:32:32]} Qc7 {[%clk 1:32:23]} 6. g3 {[%clk
1:32:47]} Nf6 {[%clk 1:28:21]} 7. Bg2 {[%clk 1:33:06]} Nc6 {[%clk 1:24:56]} 8.
O-O {[%clk 1:31:44]} Nxd4 {[%clk 1:22:43]} 9. Qxd4 {[%clk 1:32:09]} Bc5 {[%clk
1:22:37]} 10. Bf4 {[%clk 1:30:00]} d6 {[%clk 1:20:38]} 11. Qd2 {[%clk 1:30:13]}
h6 {[%clk 1:12:18]} 12. Rad1 {[%clk 1:30:31]} e5 {[%clk 1:11:36]} 13. Be3
{[%clk 1:30:56]} Bg4 {[%clk 1:09:31]} 14. Bxc5 {[%clk 1:27:26]} dxc5 {[%clk
1:06:39]} 15. f3 {[%clk 1:26:42]} Be6 {[%clk 1:04:27]} 16. Nd5 {[%clk 1:26:39]}
Bxd5 {[%clk 0:59:05]} 17. exd5 {[%clk 1:26:50]} Qd6 {[%clk 0:38:46]} 18. c4
{[%clk 1:25:01]} O-O {[%clk 0:36:36]} 19. Bh3 {[%clk 1:22:16]} Rfd8 {[%clk
0:30:29]} 20. Rfe1 {[%clk 1:21:18]} b5 {[%clk 0:28:53]} 21. b3 {[%clk 1:21:38]}
Rab8 {[%clk 0:26:19]} 22. Re2 {[%clk 1:18:57]} bxc4 {[%clk 0:20:49]} 23. bxc4
{[%clk 1:19:25]} Rb4 {[%clk 0:15:57]} 24. Qc2 {[%clk 1:19:18]} Rdb8 {[%clk
0:11:32]} 25. Rde1 {[%clk 1:17:43]} Qb6 {[%clk 0:08:14]} 26. Rxe5 {[%clk
1:14:50]} Rb2 {[%clk 0:08:22]} 27. Qa4 {[%clk 1:14:31]} Rb4 {[%clk 0:07:14]}
28. Qc2 {[%clk 1:14:03]} Rb2 {[%clk 0:07:32]} 29. Qa4 {[%clk 1:14:16]} Rb4
{[%clk 0:07:55]} 30. Qc2 {[%clk 1:14:30]} Rb2 {[%clk 0:08:17]} 1/2-1/2

[Event "Deutsche Ländermeisterschaft 2021"]
[Site "Neumünster GER"]
[Date "2021.10.06"]
[Round "7"]
[White "Colditz, Elias"]
[Black "Müller, Sophie Charlotte"]
[Result "1/2-1/2"]
[Termination "normal"]
[Board "7.6"]
[WhiteElo "1606"]
[BlackElo "1554"]
[WhiteClock "00:00:57"]
[BlackClock "00:19:00"]
[WhiteTeam "Rheinland-Pfalz"]
[BlackTeam "Mecklenburg-Vorpommern"]
[PlyCount "73"]
[WhiteFideId "16298039"]
[BlackFideId "16246683"]
[EventCountry "GER"]
[EventRounds "7"]
[EventType "team-swiss"]
[EventDate "2021.10.01"]

1. e4 {[%clk 1:30:58]} d6 {[%clk 1:30:53]} 2. d4 {[%clk 1:31:15]} g6 {[%clk
1:31:17]} 3. Nc3 {[%clk 1:31:05]} Bg7 {[%clk 1:31:31]} 4. Be3 {[%clk 1:29:32]}
Nf6 {[%clk 1:31:45]} 5. f3 {[%clk 1:26:05]} O-O {[%clk 1:31:56]} 6. Qd2 {[%clk
1:25:54]} Na6 {[%clk 1:31:10]} 7. O-O-O {[%clk 1:25:03]} Be6 {[%clk 1:29:21]}
8. g4 {[%clk 1:22:43]} c5 {[%clk 1:29:19]} 9. d5 {[%clk 1:15:39]} Bd7 {[%clk
1:29:00]} 10. Bh6 {[%clk 1:12:26]} Rb8 {[%clk 1:26:41]} 11. Bb5 {[%clk
1:06:59]} Bxb5 {[%clk 1:24:18]} 12. Nxb5 {[%clk 1:07:09]} Nb4 {[%clk 1:22:56]}
13. Bxg7 {[%clk 0:59:59]} Kxg7 {[%clk 1:23:03]} 14. a3 {[%clk 0:54:58]} Qb6
{[%clk 1:12:47]} 15. Nc3 {[%clk 0:48:47]} Na6 {[%clk 1:09:56]} 16. h4 {[%clk
0:47:58]} h5 {[%clk 1:05:18]} 17. gxh5 {[%clk 0:38:44]} Nxh5 {[%clk 1:04:48]}
18. Nh3 {[%clk 0:38:47]} Rh8 {[%clk 1:04:18]} 19. Rdg1 {[%clk 0:38:14]} Rbg8
{[%clk 0:58:36]} 20. Qg5 {[%clk 0:32:50]} Kf8 {[%clk 0:55:37]} 21. f4 {[%clk
0:24:35]} Ke8 {[%clk 0:50:51]} 22. Rg2 {[%clk 0:20:29]} c4 {[%clk 0:47:46]} 23.
Kb1 {[%clk 0:19:02]} Qe3 {[%clk 0:42:27]} 24. Qg4 {[%clk 0:17:50]} Kd8 {[%clk
0:41:21]} 25. Ng5 {[%clk 0:14:14]} Rg7 {[%clk 0:39:34]} 26. Ne2 {[%clk
0:07:40]} Nc5 {[%clk 0:37:23]} 27. Rh3 {[%clk 0:07:21]} Qd2 {[%clk 0:33:55]}
28. Rg1 {[%clk 0:05:10]} f5 {[%clk 0:31:25]} 29. Qf3 {[%clk 0:03:44]} fxe4
{[%clk 0:22:28]} 30. Nxe4 {[%clk 0:03:51]} Qxd5 {[%clk 0:22:05]} 31. Nxc5
{[%clk 0:03:33]} Qxc5 {[%clk 0:21:50]} 32. Qxb7 {[%clk 0:03:22]} Nxf4 {[%clk
0:21:23]} 33. Qb8+ {[%clk 0:03:06]} Kd7 {[%clk 0:21:15]} 34. Qb7+ {[%clk
0:02:28]} Kd8 {[%clk 0:18:45]} 35. Qb8+ {[%clk 0:02:50]} Kd7 {[%clk 0:18:44]}
36. Qxh8 {[%clk 0:02:31]} Nxh3 {[%clk 0:19:00]} 37. Rg3 {[%clk 0:00:57]}
1/2-1/2

[Event "Deutsche Ländermeisterschaft 2021"]
[Site "Neumünster GER"]
[Date "2021.10.06"]
[Round "7"]
[White "Khanbekyan, Nare"]
[Black "Müller, Riyanna"]
[Result "0-1"]
[Termination "normal"]
[Board "7.7"]
[WhiteElo "1252"]
[BlackElo "1505"]
[WhiteClock "00:13:07"]
[BlackClock "00:44:43"]
[WhiteTeam "Mecklenburg-Vorpommern"]
[BlackTeam "Rheinland-Pfalz"]
[PlyCount "78"]
[WhiteFideId "16270916"]
[BlackFideId "16287401"]
[EventCountry "GER"]
[EventRounds "7"]
[EventType "team-swiss"]
[EventDate "2021.10.01"]

1. e4 c5 {[%clk 1:30:51]} 2. Nf3 {[%clk 1:31:19]} a6 {[%clk 1:30:56]} 3. d4
{[%clk 1:31:11]} cxd4 {[%clk 1:31:15]} 4. Nxd4 {[%clk 1:31:23]} e6 {[%clk
1:30:29]} 5. Nc3 {[%clk 1:30:41]} Qc7 {[%clk 1:30:22]} 6. Be3 {[%clk 1:30:09]}
Bb4 {[%clk 1:30:16]} 7. Qd2 {[%clk 1:27:57]} Nf6 {[%clk 1:29:22]} 8. f3 {[%clk
1:26:55]} d5 {[%clk 1:29:26]} 9. Bd3 {[%clk 1:24:40]} e5 {[%clk 1:29:09]} 10.
Nb3 {[%clk 1:22:33]} d4 {[%clk 1:28:36]} 11. Nxd4 {[%clk 1:14:08]} exd4 {[%clk
1:28:42]} 12. Bxd4 {[%clk 1:14:26]} Nbd7 {[%clk 1:26:03]} 13. a3 {[%clk
1:12:57]} Bd6 {[%clk 1:22:25]} 14. O-O-O {[%clk 1:11:02]} Ne5 {[%clk 1:18:15]}
15. Rhe1 {[%clk 1:06:39]} O-O {[%clk 1:16:23]} 16. Qe3 Nc4 {[%clk 1:09:43]} 17.
Qe2 {[%clk 1:00:26]} Bf4+ {[%clk 1:07:14]} 18. Kb1 {[%clk 0:58:19]} Ne5 {[%clk
1:06:12]} 19. g3 {[%clk 0:55:35]} Nxd3 {[%clk 1:05:14]} 20. Qxd3 Be5 {[%clk
1:03:21]} 21. Bf2 {[%clk 0:48:36]} Bxc3 {[%clk 1:00:43]} 22. bxc3 {[%clk
0:46:51]} Be6 {[%clk 0:58:19]} 23. e5 {[%clk 0:43:20]} Nd5 {[%clk 0:55:06]} 24.
c4 {[%clk 0:40:00]} Nb6 {[%clk 0:53:26]} 25. c5 {[%clk 0:38:46]} Nd7 {[%clk
0:51:01]} 26. Qd6 {[%clk 0:35:48]} Qa5 {[%clk 0:50:13]} 27. Rd3 {[%clk
0:29:14]} Rac8 {[%clk 0:48:49]} 28. Ree3 {[%clk 0:19:51]} Nxc5 {[%clk 0:47:01]}
29. Rd4 {[%clk 0:15:45]} Rfd8 {[%clk 0:46:33]} 30. Qxd8+ {[%clk 0:12:20]} Rxd8
{[%clk 0:46:54]} 31. Rb4 {[%clk 0:12:19]} Rd1+ {[%clk 0:46:17]} 32. Kb2 {[%clk
0:12:22]} Na4+ {[%clk 0:46:31]} 33. Rxa4 {[%clk 0:12:42]} Qxa4 {[%clk 0:46:52]}
34. Re4 {[%clk 0:12:51]} Qc6 {[%clk 0:45:46]} 35. Bd4 {[%clk 0:11:42]} Qb5+
{[%clk 0:44:10]} 36. Kc3 {[%clk 0:12:07]} Qc4+ {[%clk 0:44:28]} 37. Kb2 {[%clk
0:12:33]} Rd2 {[%clk 0:44:31]} 38. Bc3 {[%clk 0:12:44]} Qa2+ {[%clk 0:44:43]}
39. Kc1 {[%clk 0:13:07]} Qxc2# 0-1

[Event "Deutsche Ländermeisterschaft 2021"]
[Site "Neumünster GER"]
[Date "2021.10.06"]
[Round "7"]
[White "Huang, Luca Hanson"]
[Black "Chandrasekher, Ritu"]
[Result "1-0"]
[Termination "normal"]
[Board "7.8"]
[WhiteElo "1519"]
[BlackElo "1307"]
[WhiteClock "00:48:36"]
[BlackClock "00:20:42"]
[WhiteTeam "Rheinland-Pfalz"]
[BlackTeam "Mecklenburg-Vorpommern"]
[PlyCount "83"]
[WhiteFideId "16279182"]
[BlackFideId "34609024"]
[EventCountry "GER"]
[EventRounds "7"]
[EventType "team-swiss"]
[EventDate "2021.10.01"]

1. e4 {[%clk 1:30:47]} e5 {[%clk 1:30:55]} 2. Nf3 {[%clk 1:31:06]} Nc6 {[%clk
1:31:20]} 3. d4 {[%clk 1:31:20]} d6 {[%clk 1:30:38]} 4. Bb5 {[%clk 1:28:08]}
Bd7 {[%clk 1:28:26]} 5. O-O {[%clk 1:24:41]} Qe7 {[%clk 1:25:58]} 6. Nc3 {[%clk
1:23:58]} O-O-O {[%clk 1:25:55]} 7. a4 {[%clk 1:22:37]} a6 {[%clk 1:23:55]} 8.
Bxc6 {[%clk 1:22:18]} Bxc6 {[%clk 1:24:05]} 9. d5 {[%clk 1:21:21]} Bd7 {[%clk
1:23:41]} 10. b4 {[%clk 1:20:51]} Nf6 {[%clk 1:23:10]} 11. Qe2 {[%clk 1:19:44]}
g6 {[%clk 1:22:09]} 12. a5 {[%clk 1:19:40]} h5 {[%clk 1:16:46]} 13. b5 {[%clk
1:19:12]} Bxb5 {[%clk 1:15:05]} 14. Nxb5 {[%clk 1:19:32]} axb5 {[%clk 1:14:13]}
15. Qxb5 {[%clk 1:19:18]} Qd7 {[%clk 1:12:54]} 16. Qb4 {[%clk 1:17:56]} c5
{[%clk 1:11:01]} 17. Qb3 {[%clk 1:15:31]} Qc7 {[%clk 1:03:12]} 18. a6 {[%clk
1:12:26]} Kd7 {[%clk 1:00:21]} 19. Bg5 {[%clk 1:11:35]} Bg7 {[%clk 0:59:40]}
20. Qb5+ {[%clk 1:09:15]} Ke7 {[%clk 0:59:04]} 21. a7 {[%clk 1:09:07]} Qd7
{[%clk 0:55:25]} 22. Qb3 {[%clk 1:06:21]} Ra8 {[%clk 0:54:34]} 23. Rfb1 {[%clk
0:58:43]} c4 {[%clk 0:44:46]} 24. Qb6 {[%clk 0:56:11]} c3 {[%clk 0:38:13]} 25.
Rb4 {[%clk 0:52:03]} Ke8 {[%clk 0:31:32]} 26. Nxe5 {[%clk 0:50:35]} dxe5 {[%clk
0:29:46]} 27. Bxf6 {[%clk 0:49:47]} Bxf6 {[%clk 0:29:49]} 28. Qxf6 {[%clk
0:50:10]} Rh7 {[%clk 0:27:52]} 29. Qxe5+ {[%clk 0:49:29]} Kf8 {[%clk 0:27:24]}
30. Rab1 {[%clk 0:49:27]} Rxa7 {[%clk 0:25:27]} 31. Qb8+ {[%clk 0:49:35]} Kg7
{[%clk 0:24:57]} 32. Qxa7 {[%clk 0:49:19]} Qg4 {[%clk 0:23:30]} 33. Qd4+ {[%clk
0:49:11]} Kh6 {[%clk 0:23:31]} 34. Qe3+ {[%clk 0:49:00]} Kg7 {[%clk 0:23:23]}
35. Qxc3+ {[%clk 0:49:21]} Kh6 {[%clk 0:23:37]} 36. Rxb7 {[%clk 0:48:38]} Rg7
{[%clk 0:23:45]} 37. Qf6 {[%clk 0:48:20]} Qxe4 {[%clk 0:22:25]} 38. Rxf7 {[%clk
0:47:46]} Rxf7 {[%clk 0:22:13]} 39. Qxf7 {[%clk 0:47:57]} Qxc2 {[%clk 0:22:22]}
40. Qf4+ {[%clk 0:47:51]} Kg7 {[%clk 0:22:22]} 41. Rb7+ {[%clk 0:48:15]} Kh8
{[%clk 0:20:42]} 42. Qf8# {[%clk 0:48:36]} 1-0